00603 a2200181 450000100060000002000180000604000220002410000210004624000260006724500210009330000070011436200090012165000350013094200070016595201160017295201160028899900170040468375 a9783852722832 cAnchieta - Pituba aCampbell, Robert10aThe time capsuleleng10aThe time capsule a920 a2010 4aLiteratura juvenil em inglês cBK 00104070a91.1b91.1d2023-11-21l0oLJ 028.573 C189t CAM TIMp23936/PITr2023-11-21 18:36:25w2023-11-21yBK 00104070a91.1b91.1d2023-11-21l0oLJ 028.573 C189t CAM TIMp23937/PITr2023-11-21 18:36:25w2023-11-21yBK c68375d68375